000 01019cam a2200217 4500
001 ##L134649
008 060822n2002 000 0 eng u
035 _a(Sirsi) u134649
041 0 _aeng
050 0 4 _a692.2 $2 18
110 2 _aEnglish Heritage
_92714
245 0 0 _aBuilding Regulations and historic buildings
_bbalancing the needs for energy conservation with those of building conservation
260 _aLondon
_bEnglish Heritage
_c2002
300 _a23p.
_bill.
_c30cm.
520 _aAn interim guidance note on the application of Building Regulations 2000 Approved Document Part L1 (2002 edition) relating to energy conservation. Includes a general discussion of the revisions to Part L in relation to historic buildings as well as information on adaptations that can be made to increase energy efficiency.
590 _aIKA220806
650 2 4 _aBUILDING REGULATIONS 2000 APPROVED DOCUMENT L1 (2002 EDITION)
651 4 _aEngland and Wales
_y1543-
690 _aBuilding regulations
_96224
942 _n0
999 _c105758
_d105758